Critique et littérature musicales / (Record no. 165087)

MARC details
000 -LEADER
campo de control de longitud fija 00676nam a22002055i 4500
001 - NÚMERO DE CONTROL
campo de control 165087
003 - IDENTIFICADOR DE NÚMERO DE CONTROL
campo de control ES-MaACL
005 - FECHA Y HORA DE LA ÚLTIMA TRANSACCIÓN
campo de control 20250823093111.0
008 - DATOS DE LONGITUD FIJA--INFORMACIÓN GENERAL
campo de control de longitud fija 050811s1852 fr | |||||||| ||fre d
040 ## - FUENTE DE CATALOGACIÓN
Centro catalogador/agencia de origen CAM
Lengua de catalogación spa
Centro/agencia transcriptor CAM
100 1# - ENTRADA PRINCIPAL--NOMBRE DE PERSONA
Nombre de persona Scudo, Paul.
9 (RLIN) 132601
245 10 - MENCIÓN DEL TÍTULO
Título Critique et littérature musicales /
Mención de responsabilidad, etc. par P. Scudo.
260 ## - PUBLICACIÓN, DISTRIBUCIÓN, ETC.
Lugar de publicación, distribución, etc. Paris :
Nombre del editor, distribuidor, etc. Victor Lecou, libraire-éditeur,
Fecha de publicación, distribución, etc. 1852 (
Lugar de fabricación/manufactura Corbeil :
Fabricante typographie de Crété)
300 ## - DESCRIPCIÓN FÍSICA
Extensión XI, 346, [2] p. ;
Dimensiones 18 cm.
650 #4 - PUNTO DE ACCESO ADICIONAL DE MATERIA--TÉRMINO DE MATERIA
Término de materia o nombre geográfico como elemento de entrada Música-
Subdivisión de forma Críticas
9 (RLIN) 15380
700 1# - ENTRADA AGREGADA--NOMBRE PERSONAL
Nombre de persona Lecou, Victor,
Término indicativo de función/relación
9 (RLIN) 128822
752 ## - ENTRADA AGREGADA--NOMBRE JERÁRQUICO DEL LUGAR
País o entidad superior Francia -
Ciudad París
852 ## - LOCALIZACIÓN
Ubicación ES-MaACL
Número de control de estantería G-8549
Nota libre -- Enc. hol.
Holdings
Estatus retirado Estado de pérdida Estado de daño No para préstamo Colección Biblioteca de origen Biblioteca actual Ubicación en estantería Fecha de adquisición Fuente de adquisición Total de préstamos Signatura topográfica completa Código de barras Visto por última vez Precio de reemplazo Tipo de ítem Koha
        Libros del s. XIX Biblioteca del Ateneo de Madrid Biblioteca del Ateneo de Madrid Sala Pecera Planta 3 17/01/2008     G-8549 1173094 23/02/2023 23/02/2023 Libro impreso antiguo